Вынужденное излучение активных сред красного диапазона спектра; Известия вузов. Физика; Т. 59, № 1
| Parent link: | Известия вузов. Физика: научный журнал/ Национальный исследовательский Томский государственный университет (ТГУ).— , 1957- Т. 59, № 1.— 2016.— [С. 3-8] |
|---|---|
| Korporativní autor: | |
| Další autoři: | , , , , , , , , , |
| Shrnutí: | Заглавие с экрана Проведены экспериментальные и теоретические исследования спектрально-люминесцентных и генерационных характеристик хроменовых красителей и их юлолидиновых аналогов, излучающих в красном диапазоне спектра. Показано, что причиной низкого КПД генерации оксохроменов по сравнению с иминохроменами является высокая интеркомбинационная конверсия в состояние T 1 и наличие наведенного поглощения T 1> Tn в области полосы люминесценции. Режим доступа: по договору с организацией-держателем ресурса |
| Jazyk: | ruština |
| Vydáno: |
2016
|
| Témata: | |
| On-line přístup: | http://elibrary.ru/item.asp?id=25460828 |
| Médium: | MixedMaterials Elektronický zdroj Kapitola |
| KOHA link: | https://koha.lib.tpu.ru/cgi-bin/koha/opac-detail.pl?biblionumber=647565 |
MARC
| LEADER | 00000naa0a2200000 4500 | ||
|---|---|---|---|
| 001 | 647565 | ||
| 005 | 20250213150136.0 | ||
| 035 | |a (RuTPU)RU\TPU\network\12705 | ||
| 090 | |a 647565 | ||
| 100 | |a 20160414d2016 k||y0rusy50 ca | ||
| 101 | 0 | |a rus | |
| 102 | |a RU | ||
| 135 | |a arcn ---uucaa | ||
| 181 | 0 | |a i | |
| 182 | 0 | |a b | |
| 200 | 1 | |a Вынужденное излучение активных сред красного диапазона спектра |f Т. Н. Копылова [и др.] | |
| 203 | |a Текст |c электронный | ||
| 300 | |a Заглавие с экрана | ||
| 320 | |a [Библиогр.: 30 назв.] | ||
| 330 | |a Проведены экспериментальные и теоретические исследования спектрально-люминесцентных и генерационных характеристик хроменовых красителей и их юлолидиновых аналогов, излучающих в красном диапазоне спектра. Показано, что причиной низкого КПД генерации оксохроменов по сравнению с иминохроменами является высокая интеркомбинационная конверсия в состояние T 1 и наличие наведенного поглощения T 1> Tn в области полосы люминесценции. | ||
| 333 | |a Режим доступа: по договору с организацией-держателем ресурса | ||
| 461 | |t Известия вузов. Физика |o научный журнал |f Национальный исследовательский Томский государственный университет (ТГУ) |d 1957- | ||
| 463 | |t Т. 59, № 1 |v [С. 3-8] |d 2016 | ||
| 610 | 1 | |a труды учёных ТПУ | |
| 610 | 1 | |a электронный ресурс | |
| 610 | 1 | |a лазеры на красителях | |
| 610 | 1 | |a лазерная генерация | |
| 610 | 1 | |a флуоресценция | |
| 610 | 1 | |a численное моделирование | |
| 701 | 1 | |a Копылова |b Т. Н. |g Татьяна Николаевна | |
| 701 | 1 | |a Гадиров |b Р. М. |g Руслан Мухамеджанович | |
| 701 | 1 | |a Никонов |b С. Ю. |g Сергей Юрьевич | |
| 701 | 1 | |a Валиев |b Р. Р. |c химик |c ассистент кафедры Томского политехнического университета |f 1983- |g Рашид Ринатович |3 (RuTPU)RU\TPU\pers\32258 |9 16247 | |
| 701 | 1 | |a Тельминов |b Е. Н. |g Евгений Николаевич | |
| 701 | 1 | |a Никонова |b Е. Н. |g Елена Николаевна | |
| 701 | 1 | |a Солодова |b Т. А. |g Татьяна Александровна | |
| 701 | 1 | |a Алексеева |b В. И. |g Вера Ивановна | |
| 701 | 1 | |a Маринина |b Л. Е. |g Любовь Егоровна | |
| 701 | 1 | |a Саввина |b Л. П. |g Любовь Прокофьевна | |
| 712 | 0 | 2 | |a Национальный исследовательский Томский политехнический университет |b Институт физики высоких технологий |b Кафедра общей химии и химической технологии |3 (RuTPU)RU\TPU\col\21253 |9 27944 |
| 801 | 2 | |a RU |b 63413507 |c 20160511 |g RCR | |
| 856 | 4 | 0 | |u http://elibrary.ru/item.asp?id=25460828 |
| 942 | |c CF | ||